| 000 | 00662nam a22001937a 4500 | ||
|---|---|---|---|
| 003 | OSt | ||
| 005 | 20250710160729.0 | ||
| 008 | 250710b |||a|||| |||| 00| 0 spa d | ||
| 020 | _a9589266274 | ||
| 037 | _bDonación | ||
| 040 |
_aCO-JMCR _bspa _cCO-JMCR _dCO-JMCR _erda |
||
| 041 | 0 | _aspa | |
| 082 | 0 | 4 |
_a336.300 _bC71m _223 |
| 110 | 1 |
_aColombia. _bMinisterio de Hacienda y Crédito Público. _97620 |
|
| 245 | 1 | 0 |
_aMarco fiscal de mediano plazo : _bjunio 2006 / _cMinisterio de Hacienda y Crédito Público. |
| 260 |
_aBogotá : _bMinisterio de Hacienda y Crédito Público, _c2006. |
||
| 300 |
_a296 páginas : _bilustraciones ; _c24 cm. |
||
| 942 |
_2ddc _cBK |
||
| 999 |
_c31043 _d17427 |
||